Deutsche Fußballer in England - Statistiken

Allgemein
  • Dieses Quiz wurde 88 mal gespielt
  • Das Durchschnittsergebnis liegt bei 16 aus 25
Antwortstatistiken
Debüt in der Premier League Verein(e) Position Ligaspiele Spieler % Korrekt
2020 Arsenal, Chelsea Mittelstürmer 157 Kai Havertz
95%
2013 Arsenal Offensives Mittelfeld 184 Mesut Özil
94%
2016 Manchester City Zentrales Mittelfeld 221 Ilkay Gündogan
93%
2018 Arsenal, Fulham Torwart 243 Bernd Leno
91%
2006 Chelsea Zentrales Mittelfeld 105 Michael Ballack
90%
2017 Chelsea Innenverteidiger 133 Antonio Rüdiger
89%
2011 Arsenal Innenverteidiger 156 Per Mertesacker
89%
2017 Brighton Zentrales Mittelfeld 239 Pascal Groß
86%
2020 Tottenham, Chelsea Mittelstürmer 87 Timo Werner
86%
2003 Arsenal Torwart 148 Jens Lehmann
84%
2016 Manchester City Rechtsaußen 90 Leroy Sane
80%
2002 Chelsea, Middlesbrough, Stoke City, Leicester City Innenverteidiger 322 Robert Huth
78%
2023 Brentford Linksaußen 94 Kevin Schade
73%
2016 Arsenal Innenverteidiger 102 Skhodran Mustafi
73%
1998 Newcastle, Liverpool, Bolton, Manchester City Defensives Mittelfeld 268 Dietmar Hamann
63%
2013 Chelsea, Fulham Linksaußen 68 Andre Schürrle
59%
2021 Brentford Defensives Mittelfeld 158 Vitaly Janelt
46%
2014 Liverpool Innenverteidiger 115 Emre Can
45%
2020 Leeds United Innenverteidiger 73 Robin Koch
40%
1999 Tottenham, Liverpool, Middlesbrough Linkes Mittelfeld 92 Christian Ziege
33%
2001 Everton, West Ham, Aston Villa Zentrales Mittelfeld 117 Thomas Hitzlsperger
19%
1994 Manchester City, West Bromwich, Southampton Mittelstürmer 102 Uwe Rösler
18%
2003 Fulham Rechter Verteidiger 125 Moritz Volz
14%
1999 Tottenham, Leicester City Defensives Mittelfeld 116 Steffen Freund
13%
2017 Huddersfield Innenverteidiger 74 Christopher Schindler
8%
Keine übereinstimmenden Quizze gefunden
Verteilung der Resultate
Anzahl Personen mit jedem Resultat
Perzentil nach korrekt beantworteten Fragen
Ihre Resultats-Entwicklung
Sie haben dieses Quiz noch nicht gespielt